LEADER 00940nam a2200265 i 4500 001 000000154219 003 CaOOAMICUS 005 20061012000000.0 008 061012s1979 fr u000 u fre u 013 $a131565 040 $aSeMil$bita 100 1 $aLévy, Bernard-Henri,$d<1948- >.$0(OLS)http://semarc/name/5238 245 13$aLe testament de Dieu /$cBernard-Henri Lévy. 260 $aParis :$bGrasset,$c1979. 300 $a305 p. ;$c24 cm. 490 0 $aFigures 500 $aFondo Ciprandi. 650 4$aFilosofia della religione.$0(OLS)http://semarc/subject/504 830 0$aFigures.$0(OLS)http://semarc/title/14305 850 $aSeMil 852 $aSeMil$W1$xVenegono$y1$m2R V 296$j259663$B106079$CSeMilBibl$Z2$F115446 $81 941 1 $a1 961 $aOmaggio: Ciprandi dott. Paolo 996 $6245$aLe testament de Dieu$9(OLS)http://semarc/title/225686 996 $6260$aParis :$bGrasset$9(OLS)http://semarc/publisher/32984 LEADER 00959nam a2200205 i 4500 001 000000066376 003 CaOOAMICUS 005 20230124140841.0 008 130509s1782 it u000 u lat u 013 $a37548 026 $adoa- 84ui r.er Utdu (3) 1782 (R) 040 $aSeMil$bita 245 10$a1: continens dissertationes de locis theologicis, de Deo Uno, et Trino, existente, creante, et providente. 300 $aXXVIII, [4], 328 p. 500 $aSegn.: a8 b6(b6+chi2) A-V8 X4 773 0 $aViatore : da Coccaglio $tTentaminum scholasticorum synopsis f. Viatoris a Cocaleo Capucini. Tomus 1. [-2.].$dVenetiis : Apud Simonem Occhi, 1782.$g1$w()28506 850 $aSeMil 852 $aSeMil$W1$xVenegono$y1$m2N IV 1 FA$j32529$B32529$CSeMilBibl$Z2$F32532 $8I 996 $6245$a1: continens dissertationes de locis theologicis, de Deo Uno, et Trino, existente, creante, et providente$9(OLS)http://semarc/title/105558